000 00424cam a2200145 4500500
005 20251228072921.0
041 _afre
042 _adc
100 1 0 _aAron, Raymond
_eauthor
245 0 0 _aL'Europe, avenir d'un mythe
260 _c2005.
500 _a55
786 0 _nCités | 24 | 4 | 2005-12-01 | p. 153-168 | 1299-5495
856 4 1 _uhttps://shs.cairn.info/revue-cites-2005-4-page-153?lang=fr&redirect-ssocas=7080
999 _c1594447
_d1594447